| 000 | 01592nam a2200289 i 4500 | ||
|---|---|---|---|
| 999 |
_c64729 _d64729 |
||
| 001 | 768714001 | ||
| 003 | CO-MdFUSB | ||
| 005 | 20181122114024.0 | ||
| 008 | 181122b xxu||||| |||| 00| 0 eng d | ||
| 020 | _a9780806680859 | ||
| 040 |
_aCO-MdFUSB _bspa _cCO-MdFUSB _dCO-MdFUSBC _erda |
||
| 041 | _aeng | ||
| 082 |
_222 _a225.7 _bL573 |
||
| 100 |
_aLenski, Richard C. H., _eautor |
||
| 245 | 4 |
_aThe interpretation of _c/ R. C .H. Lenski |
|
| 264 | 1 |
_aMinneapolis : _bAugsburg Fortress Press, _c2008- |
|
| 264 | 4 | _c©1943 | |
| 300 |
_a18 volúmenes _c; 24 cm. |
||
| 336 |
_2rdacontent _atexto _btxt |
||
| 337 |
_2rdamedia _asin mediación _bn |
||
| 338 |
_2rdacarrier _avolumen _bnc |
||
| 505 | _aEvangelio de San Mateo 1-14 -- Evangelio de San Mateo 15-26 -- Evangelio de San Marcos -- Evangelio de San Lucas 1-11 -- Evangelio de San Lucas 12-24. -- Evangelio de San Juan 1-10 -- Evangelio de San Juan 1-21 -- Hechos de los Apóstoles 1-14 -- Hechos de los Apóstoles 15-28 -- Epístolas de San Pablo a los Romanos 1-7 -- Epístolas de San Pablo a los Romanos 8-16 -- Primera y segunda de Corintios. -- Epístola de San Pablo a los Galatas. -- Epístola de San Pablo a los Efecios y Filipenses. -- Epístola de San Pablo a los Colosenses, Tesalonicenses, Timoteo, Tito y Filemón. -- Epístola a los Hebreos y Epístola de Santiago. -- 1 y 2 Epístola de Pedro, la tercera Epístola de Juan y la Epístola de Judas. -- Apocalipsis de San Juan. | ||
| 563 | _aRústico. | ||
| 630 | 0 | 7 |
_aBiblia. _pNuevo Testamento |
| 630 | 0 | _aComentarios sobre los libros del Nuevo Testamento | |
| 942 | _cBK | ||